LEADER 02450nam 2200589 a 450 001 9910456796703321 005 20200520144314.0 010 $a1-282-36339-5 010 $a9786612363399 010 $a0-313-35276-3 035 $a(CKB)2430000000010812 035 $a(EBL)491482 035 $a(OCoLC)550640859 035 $a(SSID)ssj0000304697 035 $a(PQKBManifestationID)12125811 035 $a(PQKBTitleCode)TC0000304697 035 $a(PQKBWorkID)10278628 035 $a(PQKB)10039641 035 $a(MiAaPQ)EBC491482 035 $a(Au-PeEL)EBL491482 035 $a(CaPaEBR)ebr10355781 035 $a(CaONFJC)MIL236339 035 $a(EXLCZ)992430000000010812 100 $a20090423d2009 uy 0 101 0 $aeng 135 $aur|n|---||||| 181 $ctxt 182 $cc 183 $acr 200 10$aObesity$b[electronic resource] /$fKathleen Y. Wolin, and Jennifer M. Petrelli 210 $aSanta Barbara, Calif. $cGreenwood Press$dc2009 215 $a1 online resource (181 p.) 225 1 $aBiographies of disease series 300 $aDescription based upon print version of record. 311 $a0-313-35275-5 320 $aIncludes bibliographical references and index. 327 $aHistory of obesity -- What is obesity? -- What causes obesity? -- Complications of obesity -- Prevention and treatment of obesity -- Economic costs of obesity -- What's next? 330 $aWhat makes obesity a disease instead of just a matter of overeating? What are the genetic and environmental factors behind it? What new breakthroughs are being developing to combat it? This concise, information-rich volume looks at these and other important questions, clearing away misconceptions about this devastating condition.||Obesity explains what scientists now know about the causes and consequences of being overweight, including the latest on the links between obesity and heart disease, diabetes, some cancers, asthma, and sleep difficulties. The book pays specific attention to the probl 410 0$aBiographies of disease. 606 $aObesity$vPopular works 608 $aElectronic books. 615 0$aObesity 676 $a616.3/98 700 $aWolin$b Kathleen Y$0909819 701 $aPetrelli$b Jennifer M$0909820 801 0$bMiAaPQ 801 1$bMiAaPQ 801 2$bMiAaPQ 906 $aBOOK 912 $a9910456796703321 996 $aObesity$92035941 997 $aUNINA LEADER 03663nam 2200481 450 001 9910794623003321 005 20230921013249.0 010 $a93-91030-80-7 035 $a(CKB)4100000012614945 035 $a(NjHacI)994100000012614945 035 $a(MiAaPQ)EBC30593772 035 $a(Au-PeEL)EBL30593772 035 $a(EXLCZ)994100000012614945 100 $a20230921d2022 uy 0 101 0 $aeng 135 $aur||||||||||| 181 $ctxt$2rdacontent 182 $cc$2rdamedia 183 $acr$2rdacarrier 200 10$aMastering Microsoft Power BI $ebuild business intelligence applications powered with DAX calculations, insightful visualizations, advanced BI techniques, and loads of data sources /$fChandraish Sinha 205 $a1st ed. 210 1$aDelhi, India :$cBPB Publications,$d[2022] 210 4$dİ2022 215 $a1 online resource (232 pages) 311 $a93-91030-72-6 320 $aIncludes bibliographical references and index. 327 $a1 -- 2. 330 $aExpert Choice to build Business Intelligence landscapes and dashboards for Enterprises KEY FEATURES ? In-depth knowledge of Power BI, demonstrated through step-by-step exercises. ? Covers data modelling, visualization, and implementing security with complete hands-on training. ? Includes a project that simulates a realistic business environment from start to finish. DESCRIPTION Mastering Power BI covers the entire Power BI implementation process. The readers will be able to understand all the concepts covered in this book, from data modelling to creating powerful - visualizations. This book begins with the concepts and terminology such as Star-Schema, dimensions and facts. It explains about multi-table dataset and demonstrates how to load these tables into Power BI. It shows how to load stored data in various formats and create relationships. Readers will also learn more about Data Analysis Expressions (DAX). This book is a must for the developers wherein they learn how to extend the usability of Power BI, to explore meaningful and hidden data insights. Throughout the book, you keep on learning about the concepts, techniques and expert practices on loading and shaping data, visualization design and security implementation. WHAT YOU WILL LEARN ? Learn about Business Intelligence (BI) concepts and its contribution in business analytics. ? Learn to connect, load, and transform data from disparate data sources. ? Start creating and executing powerful DAX calculations. ? Design various visualizations to prepare insightful reports and dashboards. WHO THIS BOOK IS FOR This book is for anyone interested in learning how to use Power BI desktop or starting a career in Business Intelligence and Analytics. While this covers all the fundamentals, it is recommended that the reader be familiar with MS-Excel and database concepts. TABLE OF CONTENTS 1. Understanding the Basics 2. Connect and Shape 3. Optimize your datamodel 4. Data Analysis Expressions (DAX) 5. Visualizations in Power BI 6. Power BI Service 7. Securing your application. 606 $aBusiness$xData processing 606 $aBusiness intelligence$xComputer programs 606 $aInformation visualization$xComputer programs 615 0$aBusiness$xData processing. 615 0$aBusiness intelligence$xComputer programs. 615 0$aInformation visualization$xComputer programs. 676 $a658.05 700 $aSinha$b Chandraish$01551510 801 0$bMiAaPQ 801 1$bMiAaPQ 801 2$bMiAaPQ 906 $aBOOK 912 $a9910794623003321 996 $aMastering Microsoft Power BI$93811055 997 $aUNINA